[Event "21st Dubai Open 2019"]
[Site "Dubai UAE"]
[Date "2019.04.02"]
[Round "2.20"]
[White "Naboka, Sergey"]
[Black "Kuybokarov, Temur"]
[Result "0-1"]
[WhiteTitle "FM"]
[BlackTitle "GM"]
[WhiteElo "2327"]
[BlackElo "2519"]
[WhiteFideId "14123452"]
[BlackFideId "14203049"]
[EventDate "2019.04.01"]

1. e4 c5 2. Nf3 d6 3. Bb5+ Nd7 4. d4 cxd4 5. Qxd4 a6 6. Bxd7+ Bxd7 7. c4 Nf6 8.
O-O g6 9. e5 dxe5 10. Qxe5 Bg7 11. Re1 Be6 12. Na3 O-O 13. Bg5 h6 14. Bd2 Bg4
15. Rad1 Bxf3 16. gxf3 Qb6 17. Qxe7 Qxb2 18. Qb4 Qxb4 19. Bxb4 Rfd8 20. Nc2 b5
21. Ne3 Rdc8 22. cxb5 axb5 23. a3 Re8 24. Rd6 Nh5 25. Rb6 Re5 26. Kf1 Bf8 27.
Nc2 Rd5 28. Ne3 Bxb4 29. axb4 Rd2 30. Ng4 Kg7 31. Rxb5 Raa2 32. Rb7 Nf4 33. Ree7
Rd1+ 34. Re1 Raa1 35. Re7 h5 0-1

[Event "21st Dubai Open 2019"]
[Site "Dubai UAE"]
[Date "2019.04.02"]
[Round "2.21"]
[White "Venkatesh, M.R."]
[Black "Kunal, M."]
[Result "1/2-1/2"]
[WhiteTitle "GM"]
[WhiteElo "2517"]
[BlackElo "2258"]
[WhiteFideId "5005779"]
[BlackFideId "5018250"]
[EventDate "2019.04.01"]

1. Nf3 Nf6 2. c4 g6 3. b3 Bg7 4. Bb2 d6 5. e3 O-O 6. Be2 e5 7. d4 Re8 8. Nc3 e4
9. Nd2 c6 10. Qc2 d5 11. O-O-O Na6 12. a3 Bf5 13. h3 h5 14. Rdg1 Qc8 15. Kb1 h4
16. Rc1 Qe6 17. Qd1 Nc7 18. Qf1 Qd7 19. g4 Be6 20. f4 exf3 21. Nxf3 Nh7 22. Qf2
dxc4 23. bxc4 b5 24. d5 cxd5 25. cxb5 a6 26. b6 Nb5 27. Nxb5 Bxb2 28. Rc7 Qd8
29. Nfd4 Bxd4 30. Nxd4 Qd6 31. Ka2 Qxb6 32. Rhc1 Rab8 33. Bd3 Ng5 34. R1c6 Ne4
35. Qc2 Qa5 36. Rxa6 Qe1 37. Raa7 Qxe3 38. Nxe6 Rxe6 39. Rxf7 Ng5 40. Rg7+ Kh8
41. Qc7 Qe5 42. Qxe5 Rxe5 43. Rxg6 Re3 44. Rh6+ Kg8 45. Rg6+ Kh8 46. Rh6+ Kg8
47. Rg6+ 1/2-1/2

[Event "21st Dubai Open 2019"]
[Site "Dubai UAE"]
[Date "2019.04.02"]
[Round "2.22"]
[White "Shailesh, Dravid"]
[Black "Vishnu Prasanna, V"]
[Result "1/2-1/2"]
[WhiteTitle "FM"]
[BlackTitle "GM"]
[WhiteElo "2316"]
[BlackElo "2524"]
[WhiteFideId "25017969"]
[BlackFideId "5030692"]
[EventDate "2019.04.01"]

1. e4 c6 2. d4 d5 3. Nd2 dxe4 4. Nxe4 g6 5. Nf3 Nf6 6. Bd3 Bg7 7. c3 O-O 8. O-O
Nxe4 9. Bxe4 Be6 10. Re1 Nd7 11. Bf4 Re8 12. Qc2 Bd5 13. c4 Bxe4 14. Rxe4 Qa5
15. Rae1 e6 16. b3 Rad8 17. h3 Qf5 18. Qc1 Qa5 19. Qc2 Qf5 20. Qc1 Qa5 21. Qc2 1/2-1/2

[Event "21st Dubai Open 2019"]
[Site "Dubai UAE"]
[Date "2019.04.02"]
[Round "2.23"]
[White "Sanal, Vahap"]
[Black "Poormosavi, Seyed Kian"]
[Result "1-0"]
[WhiteTitle "GM"]
[WhiteElo "2511"]
[BlackElo "2261"]
[WhiteFideId "6300545"]
[BlackFideId "12585807"]
[EventDate "2019.04.01"]

1. e4 e6 2. d4 d5 3. Nd2 Nf6 4. e5 Nfd7 5. Bd3 c5 6. c3 Nc6 7. Ne2 cxd4 8. cxd4
f6 9. exf6 Nxf6 10. Nf3 Bd6 11. O-O O-O 12. Bf4 Bxf4 13. Nxf4 Ne4 14. Qc1 Qf6
15. Ne2 e5 16. dxe5 Nxe5 17. Nxe5 Qxe5 18. f3 Nf6 19. Qd2 Re8 20. Rad1 Bd7 21.
Kh1 Qe3 22. Qxe3 Rxe3 23. Nf4 Bc6 24. h4 Rae8 25. Kh2 a5 26. Bc2 g6 27. Rd4 Re1
28. Rf2 Ra1 29. a3 Ree1 30. Rfd2 Re3 31. Ne2 Bb5 32. Nc3 Bc4 33. a4 Rc1 34. Bd1
Re1 35. g4 h6 36. g5 hxg5 37. hxg5 Nh7 38. f4 Rxc3 39. bxc3 Re3 40. Rb2 Nf8 41.
Bg4 Rxc3 42. Rxb7 Rc2+ 43. Kg3 Rc3+ 44. Kh4 Ra3 45. Rd1 Rxa4 46. Re1 Bd3 47. Re8
Rxf4 48. Kg3 Re4 49. Rd8 Re3+ 50. Kf2 Re4 51. Bf3 Re5 52. Rxd5 Rxd5 53. Bxd5+
Kh8 54. Ke3 Bc2 55. Rf7 Nh7 56. Kf4 Bf5 57. Ra7 Nf8 58. Rxa5 Kg7 59. Ra7+ Kh8
60. Ke5 Nd7+ 61. Kd6 Nf8 62. Ra2 Kg7 63. Ra8 Bg4 64. Rd8 Bf5 65. Ke7 Nd7 66.
Rxd7 Bxd7 67. Kxd7 Kf8 68. Ke6 Kg7 69. Bh1 1-0

[Event "21st Dubai Open 2019"]
[Site "Dubai UAE"]
[Date "2019.04.02"]
[Round "2.24"]
[White "Bharath, Subramaniyam H"]
[Black "Iniyan, P"]
[Result "1-0"]
[WhiteTitle "CM"]
[BlackTitle "IM"]
[WhiteElo "2301"]
[BlackElo "2487"]
[WhiteFideId "46634827"]
[BlackFideId "25002767"]
[EventDate "2019.04.01"]

1. e4 c5 2. Nf3 d6 3. d4 cxd4 4. Nxd4 Nf6 5. Nc3 a6 6. h3 e6 7. g4 b5 8. Bg2 Bb7
9. O-O Nfd7 10. Re1 Nc6 11. a4 b4 12. Nd5 Nxd4 13. Qxd4 a5 14. Ne3 h5 15. g5 e5
16. Qc4 Rc8 17. Qe2 Qxg5 18. Qb5 Bxe4 19. Ng4 Qd8 20. Nxe5 dxe5 21. Bxe4 Rc5 22.
Qe2 Bd6 23. Be3 Rc7 24. Rad1 Qe7 25. Qa6 Bc5 26. Qa8+ Qd8 27. Qxd8+ Kxd8 28.
Bxc5 Rxc5 29. Bf5 Rc7 30. Rxe5 g6 31. Bxd7 Rxd7 32. Rxd7+ Kxd7 33. Rxa5 Rc8 34.
Rb5 Rxc2 35. Rxb4 g5 36. Kg2 Rc5 37. Rb5 Rxb5 38. axb5 f5 39. h4 g4 40. Kg3 1-0

[Event "21st Dubai Open 2019"]
[Site "Dubai UAE"]
[Date "2019.04.02"]
[Round "2.25"]
[White "Visakh, N R"]
[Black "Abelgas, Roel"]
[Result "1-0"]
[WhiteTitle "IM"]
[BlackTitle "FM"]
[WhiteElo "2509"]
[BlackElo "2256"]
[WhiteFideId "25012223"]
[BlackFideId "5200970"]
[EventDate "2019.04.01"]

1. e4 c6 2. d4 d5 3. Nd2 dxe4 4. Nxe4 Nf6 5. Nxf6+ gxf6 6. Nf3 Qd5 7. g3 Bf5 8.
c3 Nd7 9. Bg2 Qc4 10. Be3 Nb6 11. Nd2 Qe6 12. O-O Nd5 13. Re1 Qd7 14. Nb3 Nxe3
15. Rxe3 e6 16. c4 O-O-O 17. d5 exd5 18. cxd5 cxd5 19. Qd4 Kb8 20. Rc1 Be6 21.
Na5 Ka8 22. Rec3 Bd6 23. Qxf6 Qa4 24. Nb3 Rhe8 25. f4 d4 26. Qxd4 Qb5 27. Qf2
Bd5 28. a4 1-0

[Event "21st Dubai Open 2019"]
[Site "Dubai UAE"]
[Date "2019.04.02"]
[Round "2.26"]
[White "Ravi, Thandalam Shanmugam"]
[Black "Harsha, Bharathakoti"]
[Result "0-1"]
[WhiteTitle "IM"]
[BlackTitle "GM"]
[WhiteElo "2276"]
[BlackElo "2497"]
[WhiteFideId "5000238"]
[BlackFideId "5078776"]
[EventDate "2019.04.01"]

1. e4 d6 2. d4 Nf6 3. Nc3 g6 4. Be3 c6 5. h3 Nbd7 6. Nf3 Qc7 7. a4 Bg7 8. Be2
O-O 9. O-O Re8 10. Qd2 e5 11. dxe5 dxe5 12. Rfd1 Bf8 13. Bc4 Nb6 14. Bb3 Be6 15.
Bxe6 Rxe6 16. Qe2 a5 17. Nd2 Rd6 18. Nc4 Nxc4 19. Qxc4 Rad8 20. Rxd6 Bxd6 21.
Bg5 Be7 22. Rd1 Ne8 23. Rxd8 Qxd8 24. Bxe7 Qxe7 25. Qd3 Nc7 26. g3 Ne6 27. b3
Qb4 28. Kf1 Nd4 29. Ne2 b5 30. axb5 cxb5 31. Nxd4 exd4 32. e5 a4 33. bxa4 bxa4
34. Qe4 a3 35. Qd5 Kg7 36. Qc6 Qa5 37. Qf6+ Kg8 38. e6 Qa6+ 39. Kg1 Qxe6 40.
Qxd4 Qa6 41. Qd8+ Kg7 42. Qd4+ Qf6 43. Qc4 Qb2 44. c3 a2 45. Qd4+ f6 46. Qa7+
Kh6 47. Qe3+ g5 48. Qe7 a1=Q+ 49. Kg2 Qa8+ 0-1

[Event "21st Dubai Open 2019"]
[Site "Dubai UAE"]
[Date "2019.04.02"]
[Round "2.27"]
[White "Sindarov, Javokhir"]
[Black "Raahul, V S"]
[Result "1/2-1/2"]
[WhiteTitle "GM"]
[WhiteElo "2505"]
[BlackElo "2252"]
[WhiteFideId "14205483"]
[BlackFideId "25035525"]
[EventDate "2019.04.01"]

1. e4 c5 2. Nf3 Nc6 3. Nc3 d6 4. d4 cxd4 5. Nxd4 Nf6 6. g3 Bg4 7. f3 Nxd4 8.
Qxd4 Bxf3 9. Bb5+ Nd7 10. O-O Bg4 11. e5 Bh3 12. Re1 dxe5 13. Qxe5 a6 14. Nd5
Rc8 15. Bxd7+ Qxd7 16. Bg5 e6 17. Rad1 Qc6 18. Nc7+ 1/2-1/2

[Event "21st Dubai Open 2019"]
[Site "Dubai UAE"]
[Date "2019.04.02"]
[Round "2.28"]
[White "Mullick, Raahil"]
[Black "Vokhidov, Shamsiddin"]
[Result "0-1"]
[WhiteTitle "CM"]
[BlackTitle "IM"]
[WhiteElo "2275"]
[BlackElo "2494"]
[WhiteFideId "35080350"]
[BlackFideId "14204223"]
[EventDate "2019.04.01"]

1. e4 c5 2. Nf3 Nc6 3. d4 cxd4 4. Nxd4 Qb6 5. Nb3 Nf6 6. Nc3 e6 7. Be3 Qc7 8. a3
a6 9. Be2 b5 10. f4 d6 11. O-O Be7 12. Bf3 Bb7 13. Qd2 O-O 14. Qf2 Rac8 15. Rfd1
Qb8 16. Rd2 Rfd8 17. Rad1 Qa8 18. Bb6 Re8 19. Rxd6 Bxd6 20. Rxd6 Ne7 21. Nc5 Bc6
22. Qd4 Rf8 23. Qb4 Qb8 24. e5 Ne8 25. Rd7 Qxb6 26. Na4 Qb8 27. Rxe7 a5 28. Qb3
Bxf3 29. Qxf3 bxa4 30. Rb7 Qa8 31. Nd7 Rc7 0-1

[Event "21st Dubai Open 2019"]
[Site "Dubai UAE"]
[Date "2019.04.02"]
[Round "2.29"]
[White "Nguyen, Anh Khoi"]
[Black "Jeet, Jain"]
[Result "1/2-1/2"]
[WhiteTitle "IM"]
[BlackTitle "FM"]
[WhiteElo "2484"]
[BlackElo "2219"]
[WhiteFideId "12404675"]
[BlackFideId "5073022"]
[EventDate "2019.04.01"]

1. d4 d5 2. c4 e6 3. Nf3 Nf6 4. g3 dxc4 5. Bg2 c5 6. O-O Nc6 7. Qa4 Bd7 8. Qxc4
b5 9. Qd3 c4 10. Qc2 Be7 11. e4 O-O 12. Qe2 Re8 13. Rd1 Qb6 14. Be3 Ng4 15. Bf4
e5 16. Bxe5 Ngxe5 17. dxe5 Bg4 18. Nc3 Bc5 19. Qf1 Nxe5 20. Nxe5 Rxe5 21. Rd5
Bd4 22. Rxe5 Bxe5 23. Kh1 Rd8 24. Nd5 Qc5 25. Rb1 Be6 26. Qe2 Bxd5 27. exd5 Bd4 1/2-1/2

[Event "21st Dubai Open 2019"]
[Site "Dubai UAE"]
[Date "2019.04.02"]
[Round "2.30"]
[White "Srihari, L R"]
[Black "Sadhwani, Raunak"]
[Result "0-1"]
[WhiteTitle "FM"]
[BlackTitle "IM"]
[WhiteElo "2211"]
[BlackElo "2455"]
[WhiteFideId "46617116"]
[BlackFideId "35093487"]
[EventDate "2019.04.01"]

1. d4 Nf6 2. c4 g6 3. Nc3 Bg7 4. e4 d6 5. h3 O-O 6. Bg5 Na6 7. Bd3 Qe8 8. d5 Nc5
9. Bc2 e6 10. Nge2 exd5 11. exd5 Nfe4 12. Be3 Nxc3 13. bxc3 Ne4 14. Bd4 Nxc3 15.
Bxc3 Bxc3+ 16. Kf1 Bxa1 17. Qxa1 Bd7 0-1

[Event "21st Dubai Open 2019"]
[Site "Dubai UAE"]
[Date "2019.04.02"]
[Round "2.31"]
[White "Mulenga, Prince Daniel"]
[Black "Vignesh, N R"]
[Result "1/2-1/2"]
[BlackTitle "IM"]
[WhiteElo "2234"]
[BlackElo "2476"]
[WhiteFideId "8701776"]
[BlackFideId "25012215"]
[EventDate "2019.04.01"]

1. d4 Nf6 2. c4 e6 3. Nf3 Bb4+ 4. Bd2 c5 5. Bxb4 cxb4 6. g3 a5 7. Bg2 d6 8. O-O
O-O 9. Nbd2 Qc7 10. a3 Na6 11. Rc1 b6 12. Qb3 Bb7 13. Rfe1 Rfe8 14. axb4 Nxb4
15. Nb1 Rac8 16. Na3 Ba6 17. Nd2 e5 18. Bh3 Rcd8 19. Nb5 Qe7 20. dxe5 dxe5 21.
Nf1 Ne4 22. Qe3 Nc5 23. Na3 Rd4 24. Bg2 Red8 25. h4 f5 26. Nb5 Bxb5 27. cxb5 f4
28. gxf4 Rxf4 29. Ng3 Rdf8 30. Rxc5 bxc5 31. Rc1 Rxf2 32. Rxc5 Qxh4 33. Rxe5 Qd8
34. Bf3 R2xf3 35. exf3 Qd1+ 36. Nf1 Qd6 37. Re6 Qd8 38. Re7 Nd5 39. Qe6+ Kh8 40.
Rd7 Qg5+ 41. Qg4 Qe5 42. Qe4 Qg5+ 43. Qg4 Qe5 44. Qe4 Qg5+ 45. Qg4 1/2-1/2

[Event "21st Dubai Open 2019"]
[Site "Dubai UAE"]
[Date "2019.04.02"]
[Round "2.32"]
[White "Aditya, Mittal"]
[Black "Chekh Adm Khedr, Aram"]
[Result "1-0"]
[WhiteTitle "CM"]
[WhiteElo "2454"]
[BlackElo "2155"]
[WhiteFideId "35042025"]
[BlackFideId "7601948"]
[EventDate "2019.04.01"]

1. d4 d5 2. c4 c6 3. Nf3 Nf6 4. Nc3 e6 5. g3 Be7 6. Bg2 O-O 7. O-O Nbd7 8. Bf4
dxc4 9. e4 Nb6 10. Qe2 Re8 11. Rfd1 h6 12. Ne5 Nfd7 13. Nxc4 Nxc4 14. Qxc4 Bg5
15. Bxg5 Qxg5 16. e5 Nb6 17. Qe2 Nd5 18. Ne4 Qe7 19. Rac1 Bd7 20. Nd6 Reb8 21.
f4 a5 22. Be4 a4 23. a3 b5 24. Qd2 Qd8 25. Bxd5 exd5 26. f5 Qg5 27. Qxg5 hxg5
28. Re1 Rd8 29. g4 Rab8 30. Rc5 b4 31. Ra5 bxa3 32. bxa3 Rb3 33. Ra7 Rxa3 34. e6
fxe6 35. fxe6 Bxe6 36. Rxe6 Ra1+ 37. Kg2 Ra2+ 38. Kf3 Ra3+ 39. Ke2 Rb8 40. Re8+
Rxe8+ 41. Nxe8 Ra2+ 42. Kd3 a3 43. Nxg7 Rg2 44. Nf5 Rxh2 45. Rxa3 1-0

[Event "21st Dubai Open 2019"]
[Site "Dubai UAE"]
[Date "2019.04.02"]
[Round "2.33"]
[White "Praveen, Kumar C"]
[Black "Darini, Pouria"]
[Result "0-1"]
[WhiteTitle "IM"]
[BlackTitle "GM"]
[WhiteElo "2243"]
[BlackElo "2474"]
[WhiteFideId "5007372"]
[BlackFideId "12502200"]
[EventDate "2019.04.01"]

1. d4 Nf6 2. c4 g6 3. g3 Bg7 4. Bg2 d5 5. cxd5 Nxd5 6. Nf3 O-O 7. O-O c5 8. e4
Nf6 9. e5 Nd5 10. Nc3 Nxc3 11. bxc3 cxd4 12. cxd4 Be6 13. Ng5 Bd5 14. Ne4 Nc6
15. Be3 Rc8 16. Qa4 b6 17. Rfc1 Qd7 18. Qb5 Rcd8 19. Qd3 Bxe4 20. Qxe4 Nxd4 21.
Rd1 Ne2+ 22. Kh1 Qxd1+ 23. Rxd1 Rxd1+ 24. Bf1 Rxf1+ 25. Kg2 Rg1+ 26. Kh3 Nc3 27.
Qd4 Nd1 28. Bf4 e6 29. f3 Rf1 30. Qd2 Rc8 31. Qe2 Rg1 32. Qd2 Nc3 33. Qd7 Rf8 0-1

[Event "21st Dubai Open 2019"]
[Site "Dubai UAE"]
[Date "2019.04.02"]
[Round "2.34"]
[White "Divya, Deshmukh"]
[Black "Anilkumar, O.T."]
[Result "1-0"]
[WhiteTitle "WIM"]
[WhiteElo "2266"]
[BlackElo "1975"]
[WhiteFideId "35006916"]
[BlackFideId "5017530"]
[EventDate "2019.04.01"]

1. e4 Nf6 2. e5 Nd5 3. c4 Nb6 4. d4 d6 5. exd6 exd6 6. Nc3 Be7 7. Nf3 Bg4 8. Be2
O-O 9. O-O c5 10. dxc5 dxc5 11. Nd5 Nxd5 12. cxd5 Bd6 13. Qc2 Bxf3 14. Bxf3 Nd7
15. g3 b5 16. Bg2 a6 17. b3 Be5 18. Rb1 Rc8 19. Re1 Re8 20. Be3 c4 21. Rbd1 cxb3
22. Qxb3 Nc5 23. Bxc5 Rxc5 24. d6 Bf6 25. Rxe8+ Qxe8 26. Qa3 Rc3 27. Qxa6 Qd7
28. Bf1 b4 29. Bb5 Qg4 30. Re1 h6 31. d7 Qd4 32. Qxf6 1-0

[Event "21st Dubai Open 2019"]
[Site "Dubai UAE"]
[Date "2019.04.02"]
[Round "2.35"]
[White "Laxman, R.R."]
[Black "Ahmad, Al Romaithi"]
[Result "1-0"]
[WhiteTitle "GM"]
[WhiteElo "2425"]
[BlackElo "1763"]
[WhiteFideId "5005361"]
[BlackFideId "9310622"]
[EventDate "2019.04.01"]

1. d4 Nf6 2. Nf3 e6 3. c4 d5 4. g3 Bb4+ 5. Bd2 Be7 6. Bg2 O-O 7. O-O Nbd7 8. Qc2
c6 9. Bf4 b6 10. Rd1 Bb7 11. b3 Rc8 12. Nc3 Nh5 13. Bc1 f5 14. Bb2 Bd6 15. e3
Qe7 16. Ne2 Nhf6 17. Nf4 dxc4 18. bxc4 c5 19. d5 exd5 20. Nh4 g6 21. Nxd5 Bxd5
22. Bxd5+ Nxd5 23. Rxd5 Nf6 24. Qc3 Kf7 25. Qxf6+ Qxf6 26. Bxf6 1-0

[Event "21st Dubai Open 2019"]
[Site "Dubai UAE"]
[Date "2019.04.02"]
[Round "2.36"]
[White "Panda, Sambit"]
[Black "Tokhirjonova, Gulrukhbegim"]
[Result "0-1"]
[BlackTitle "WGM"]
[WhiteElo "2218"]
[BlackElo "2434"]
[WhiteFideId "25091794"]
[BlackFideId "14203626"]
[EventDate "2019.04.01"]

1. d4 e6 2. Nf3 b6 3. e4 Bb7 4. Bd3 c5 5. c3 d6 6. O-O Nf6 7. Qe2 Be7 8. h3 Qc7
9. Bf4 Nbd7 10. Nbd2 O-O 11. Bh2 e5 12. dxe5 Nxe5 13. Nxe5 dxe5 14. Nc4 Nd7 15.
f4 exf4 16. Rxf4 Qc6 17. e5 Rae8 18. Be4 Qc8 19. e6 Nf6 20. Bf5 Qa8 21. exf7+
Rxf7 22. Be6 Bd5 23. Bxf7+ Bxf7 24. Qf1 b5 25. Ne5 Bd5 26. Re1 c4 27. Nf3 Ne4
28. Nd4 a6 29. Rf5 Bf6 30. Qf4 b4 31. Qc7 bxc3 32. Be5 Re7 33. Qb6 Bxe5 34. bxc3
g6 35. Rf3 Qb8 36. Qa5 Bh2+ 37. Kf1 Qe5 38. Ree3 Bf4 39. Re2 Rb7 40. Qd8+ Kg7
41. g3 Nxg3+ 42. Rxg3 Rb1+ 0-1

[Event "21st Dubai Open 2019"]
[Site "Dubai UAE"]
[Date "2019.04.02"]
[Round "2.37"]
[White "Mendonca, Leon Luke"]
[Black "Ravindra, Dange"]
[Result "1-0"]
[WhiteTitle "CM"]
[WhiteElo "2446"]
[BlackElo "1598"]
[WhiteFideId "35028561"]
[BlackFideId "5068355"]
[EventDate "2019.04.01"]

1. d4 d5 2. c4 c6 3. Nf3 Nf6 4. g3 g6 5. Qa4 Nbd7 6. cxd5 cxd5 7. Bg2 Bg7 8. O-O
O-O 9. Nc3 a6 10. Qb3 e6 11. Bf4 Re8 12. Rfc1 Nb6 13. Nb5 axb5 14. Bc7 Qe7 15.
Bxb6 Bd7 16. Bc5 Qd8 17. Ne5 Qa5 18. Bb4 Qa4 19. Qxa4 Rxa4 20. a3 Rea8 21. e3
Be8 22. Bf1 Ne4 23. f3 Ng5 24. Kf2 Bxe5 25. dxe5 h5 26. Rab1 R4a6 27. Rc7 Bc6
28. Rc1 Nh7 29. Bd3 Nf8 30. h4 Rd8 31. g4 hxg4 32. f4 Raa8 33. Rg1 Rd7 34. Rxd7
Nxd7 35. Rxg4 Kh7 36. h5 Rg8 37. hxg6+ fxg6 38. Rg1 Kh6 39. Kg3 Nb6 40. b3 Na8
41. Kg4 Nc7 42. Be7 Ne8 43. Bf6 Ng7 44. Bg5+ Kh7 45. Rh1+ Nh5 46. Rxh5+ Kg7 47.
Bf6+ Kf7 48. Rh7+ 1-0

[Event "21st Dubai Open 2019"]
[Site "Dubai UAE"]
[Date "2019.04.02"]
[Round "2.38"]
[White "Mareco, Sandro"]
[Black "Singh Gurmeher"]
[Result "1-0"]
[WhiteTitle "GM"]
[WhiteElo "2666"]
[BlackElo "1589"]
[WhiteFideId "112275"]
[BlackFideId "25089455"]
[EventDate "2019.04.01"]

1. Nf3 d5 2. g3 e6 3. Bg2 c5 4. c4 Nf6 5. O-O Be7 6. d4 Nc6 7. cxd5 Nxd5 8. dxc5
O-O 9. a3 Bxc5 10. Qc2 Be7 11. e4 Nf6 12. Nc3 Bd7 13. Bf4 Rc8 14. Rad1 h6 15.
Qd2 g5 16. Be3 e5 17. h4 Bg4 18. Qc1 Qa5 19. hxg5 Nxe4 20. Nxe4 Nd4 21. Qd2
Nxf3+ 22. Bxf3 Qxd2 23. Nxd2 Bxf3 24. Nxf3 e4 25. Nd4 Bxg5 26. Nf5 Rce8 27.
Nxh6+ 1-0

[Event "21st Dubai Open 2019"]
[Site "Dubai UAE"]
[Date "2019.04.03"]
[Round "3.2"]
[White "Kuzubov, Yuriy"]
[Black "Sindarov, Javokhir"]
[Result "1-0"]
[WhiteTitle "GM"]
[BlackTitle "GM"]
[WhiteElo "2644"]
[BlackElo "2505"]
[WhiteFideId "14112906"]
[BlackFideId "14205483"]
[EventDate "2019.04.01"]

1. Nf3 Nf6 2. d4 g6 3. Nbd2 Bg7 4. e4 d6 5. Bd3 O-O 6. O-O Nbd7 7. Re1 e5 8. c3
c6 9. a4 Qc7 10. Nc4 Re8 11. dxe5 Nxe5 12. Nfxe5 dxe5 13. Bg5 Bg4 14. Qc2 Be6
15. b4 Nd7 16. Red1 Nb6 17. Nd2 a5 18. Nb3 axb4 19. a5 Nd7 20. cxb4 Bf8 21. Qc3
b6 22. Bc4 Bxc4 23. Qxc4 bxa5 24. bxa5 Reb8 25. Be3 Rb4 26. Qc2 c5 27. Bd2 Rb5
28. Qc4 Qb7 29. Ra3 Nb8 30. Rda1 Ra6 31. Bc3 Nc6 32. Nd2 Nd4 33. R3a2 Bh6 34.
Nf1 Bf4 35. h3 Rb3 36. Qxc5 Rc6 37. a6 Qxa6 38. Qe7 Qc4 39. Bxd4 exd4 40. Qe8+
Kg7 41. Ra8 Rb2 42. Qf8+ Kf6 43. Qh8+ Kg5 44. g3 Bc7 45. Qxh7 Kf6 46. Re8 1-0

[Event "21st Dubai Open 2019"]
[Site "Dubai UAE"]
[Date "2019.04.03"]
[Round "3.3"]
[White "Harsha, Bharathakoti"]
[Black "Iturrizaga Bonelli, Eduardo"]
[Result "1/2-1/2"]
[WhiteTitle "GM"]
[BlackTitle "GM"]
[WhiteElo "2497"]
[BlackElo "2639"]
[WhiteFideId "5078776"]
[BlackFideId "3901211"]
[EventDate "2019.04.01"]

1. d4 Nf6 2. c4 e6 3. Nc3 Bb4 4. g3 O-O 5. Bg2 d5 6. Nf3 dxc4 7. O-O Nc6 8. Qa4
Nd5 9. Qc2 Be7 10. Rd1 Ncb4 11. Qd2 Nb6 12. a3 N4d5 13. e4 Nxc3 14. Qxc3 Bd7 15.
Be3 Ba4 16. Rdc1 Bb3 17. Nd2 Na4 18. Qa5 b6 19. Qb5 a6 20. Qc6 b5 21. Nxb3 cxb3
22. Rab1 Nb6 23. Rc3 Nc4 24. e5 Rb8 25. Qxa6 c5 26. dxc5 Nxe3 27. fxe3 Qc7 28.
c6 Qxe5 29. Qa7 b4 30. axb4 Bxb4 31. Rxb3 Bc5 32. Qa4 Rxb3 33. Qxb3 Rb8 34. Qd3
Bxe3+ 35. Kh1 Bb6 36. Rf1 h5 37. Qe4 Qxb2 38. Qf3 Rf8 39. Qxh5 g6 40. Qh6 Bc7
41. Be4 Qe2 42. Bg2 Rd8 43. Qh4 Rd1 44. Qf6 Rxf1+ 45. Qxf1 Qc2 46. Bf3 Kg7 47.
Qe2 Qc3 48. Kg2 e5 49. Bd5 f5 50. Qa2 e4 51. Qa7 Qe5 52. Kf1 Kf6 53. Bc4 f4 54.
gxf4 Qxf4+ 55. Qf2 g5 56. h4 gxh4 57. Qxf4+ Bxf4 58. Kg2 Ke7 59. Kh3 Bg3 60. Bd5
e3 1/2-1/2

[Event "21st Dubai Open 2019"]
[Site "Dubai UAE"]
[Date "2019.04.03"]
[Round "3.4"]
[White "Vokhidov, Shamsiddin"]
[Black "Yilmaz, Mustafa"]
[Result "1-0"]
[WhiteTitle "IM"]
[BlackTitle "GM"]
[WhiteElo "2494"]
[BlackElo "2636"]
[WhiteFideId "14204223"]
[BlackFideId "6302718"]
[EventDate "2019.04.01"]

1. e4 c5 2. Nf3 d6 3. Bb5+ Nd7 4. a4 Nf6 5. Nc3 a6 6. Bc4 Qa5 7. Ba2 e6 8. O-O
b5 9. axb5 axb5 10. d3 Bb7 11. Be3 Qb6 12. b4 Ng4 13. bxc5 dxc5 14. Bf4 b4 15.
Ne2 Bd6 16. Nd2 Qc7 17. Bxd6 Qxd6 18. Ng3 Qf4 19. Qe2 h5 20. h3 h4 21. Qxg4 Qxg4
22. hxg4 hxg3 23. fxg3 Ke7 24. Bb3 Bc6 25. Nf3 Bb5 26. Kf2 Nb6 27. Nd2 Rhc8 28.
Ke3 g5 29. Rh1 Nd7 30. Rxa8 Rxa8 31. Nf3 f6 32. e5 Nxe5 33. Nxe5 fxe5 34. Rh6
Bd7 35. Rg6 Rh8 36. Rg7+ Kd6 37. Rxg5 Rh2 38. Kf2 Bc6 39. Rg6 Rxg2+ 40. Kf1 Rxg3
41. Rxe6+ Kc7 42. Rxe5 Rxg4 43. Rxc5 Kb6 44. Rf5 Rg2 45. Rf6 Rh2 46. Ba4 Ka5 47.
Bxc6 Rxc2 48. Rf5+ Kb6 49. Ba4 Rd2 50. Rd5 Kc7 51. Ke1 Ra2 52. Bb3 Rb2 53. Bc4
Kc6 54. Rb5 1-0

[Event "21st Dubai Open 2019"]
[Site "Dubai UAE"]
[Date "2019.04.03"]
[Round "3.5"]
[White "Sadhwani, Raunak"]
[Black "Sethuraman, S.P."]
[Result "1/2-1/2"]
[WhiteTitle "IM"]
[BlackTitle "GM"]
[WhiteElo "2455"]
[BlackElo "2637"]
[WhiteFideId "35093487"]
[BlackFideId "5021596"]
[EventDate "2019.04.01"]

1. d4 d5 2. Nc3 Nf6 3. Bf4 a6 4. Nf3 e6 5. e3 c5 6. dxc5 Bxc5 7. Bd3 b5 8. Ne5
Bb7 9. Qf3 Nbd7 10. O-O-O Nxe5 11. Bxe5 Bd6 12. Bxd6 Qxd6 13. Qg3 Qxg3 14. hxg3
Ke7 15. f3 h5 16. Ne2 g6 17. c3 Nd7 18. Nd4 Rac8 19. Kd2 Nb6 20. b3 e5 21. Nc2
Rhd8 22. f4 exf4 23. gxf4 Nc4+ 24. Kc1 Nd6 25. Kd2 d4 26. exd4 Bxg2 27. Rh2 Be4
28. Ne3 f5 29. c4 bxc4 30. bxc4 Nxc4+ 31. Nxc4 Rxc4 32. Bxc4 Rxd4+ 33. Ke1 Rxc4
34. Rhd2 Bc6 1/2-1/2

[Event "21st Dubai Open 2019"]
[Site "Dubai UAE"]
[Date "2019.04.03"]
[Round "3.6"]
[White "Aditya, Mittal"]
[Black "Indjic, Aleksandar"]
[Result "0-1"]
[WhiteTitle "CM"]
[BlackTitle "GM"]
[WhiteElo "2454"]
[BlackElo "2620"]
[WhiteFideId "35042025"]
[BlackFideId "911925"]
[EventDate "2019.04.01"]

1. d4 Nf6 2. c4 e6 3. Nc3 Bb4 4. e3 b6 5. Bd3 Bb7 6. Nf3 O-O 7. O-O Qe7 8. Re1
Bxc3 9. bxc3 Ne4 10. Bxe4 Bxe4 11. Nd2 Bb7 12. e4 Nc6 13. a4 Na5 14. c5 d6 15.
Ba3 Rfd8 16. cxd6 cxd6 17. Re3 e5 18. Bb4 Rac8 19. Bxa5 bxa5 20. Nb3 Qc7 21. c4
Ba6 22. Rc1 Qb6 23. Rec3 Qb4 24. d5 Qxa4 25. c5 dxc5 26. Nxc5 Qxd1+ 27. Rxd1 Bb5
28. Ra1 a4 29. f3 a6 30. Kf2 Kf8 31. Nxa4 Ke7 32. Ke3 Kd6 33. Kd2 Rxc3 34. Nxc3
Bc4 35. Rb1 Kc7 36. Rc1 Kd6 37. Nb1 Bb5 38. Na3 Rb8 39. g3 Rb6 40. h4 Kd7 41.
Rb1 Kc7 42. Nxb5+ axb5 43. Kc3 Rg6 44. Rg1 Ra6 45. Kb4 Kb6 46. Rc1 Ra4+ 47. Kb3
Rd4 48. Rc8 f5 49. Rc6+ Ka5 50. exf5 Rxd5 51. Rc7 Rd3+ 52. Kc2 Rxf3 53. Rxg7 h5
54. Rg5 b4 55. Rxh5 b3+ 56. Kb2 Kb4 57. Rh8 Rf2+ 58. Kb1 Rxf5 59. Rb8+ Kc3 60.
Rc8+ Kd3 61. Kb2 e4 62. Rd8+ Ke2 63. g4 Rf4 64. Rg8 Kf1 65. h5 e3 66. h6 e2 67.
Re8 e1=Q 68. Rxe1+ Kxe1 69. h7 Rf2+ 70. Kxb3 Rh2 71. Kc4 Rxh7 72. Kd5 Rg7 0-1